000 01203cam a22003014a 4500
001 15561683
003 OSt
005 20180117085953.0
008 081218s2009 njua b 001 0 eng
010 _a 2008051538
020 _a9780470395264 (alk. paper)
040 _aDLC
_cDLC
_dDLC
050 0 0 _aBF719
_b.E93 2009
082 0 0 _a155.42/2
_222
245 0 0 _aEvidence-based practice in infant and early childhood psychology /
_cEdited by Barbara A. Mowder, Florence Rubinson, Anastasia E. Yasik.
260 _aHoboken, N.J. :
_bWiley,
_cc2009.
300 _axiv, 775 p. :
_bill. ;
_c26 cm.
504 _aIncludes bibliographical references and indexes.
650 0 _aInfant psychology.
650 0 _aChild psychology.
700 1 _aMowder, Barbara A.
700 1 _aRubinson, Florence.
700 1 _aYasik, Anastasia E.
906 _a7
_bcbc
_corignew
_d1
_eecip
_f20
_gy-gencatlg
942 _2ddc
_cBK
999 _c2944
_d2944